Disperzný koeficient pre prirodzené profily povrchových tokov

Podrobná bibliografia
Hlavný autor: Kosorin, Karol, 1936- (Autor)
Médium: Článok
Jazyk:slovenčina
PhysicalDescription:Obr. 1, tab. 3, res. angl., rus., lit. 3 zázn. v angl., češ., slov.
Predmet:

MARC

LEADER 00000nab a2200000 a 4500
001 vtls000554691
003 SK-MaSNL
005 20260304092317.0
008 250425c1995 xo 0 slo
015 |a SNBRB19rr/mm-uuuuu 
035 |a CL0554829 
035 |a urn:nbn:sk:snk-abe9m 
035 |a (urnnbn)urn:nbn:sk:snk:ar-a04v62 
035 |a (uuid)414a69d1-82e0-414f-9847-27ecc7a6920f 
040 |a SNKBUCL  |b slo  |c SNKBUCL  |e AACR2 
041 0 |a slo 
044 |a xo  |c SK 
080 |a 556.536  |2 1981 
100 1 |a Kosorin, Karol,  |d 1936-  |4 aut  |9 112173 
245 1 0 |a Disperzný koeficient pre prirodzené profily povrchových tokov  |c Karol Kosorin 
300 |b Obr. 1, tab. 3, res. angl., rus., lit. 3 zázn. v angl., češ., slov. 
650 0 7 |a toky vodné povrchové  |2 snkbucl  |9 965153 
655 7 |a články z novín a časopisov  |2 snkbucl  |9 267496 
773 0 |t Journal of hydrology and hydromechanics  |g Roč. 43, č. 1-2 (1995), s. 93-101 
850 |a Slovenská národná knižnica 
852 |a Slovenská národná knižnica 
954 |a odborná, vedecká literatúra pôvodná (slovenská)  |2 lita 
958 |a article27 
958 |a RK 
958 |a OND 
958 |a EUIPO 
992 |a RBX 
999 |c 2818656  |d 2820586